[Event "Moscow op-A 20th"]
[Site "Moscow"]
[Date "2024.07.17"]
[Round "2"]
[White "Kolchin, Maxim"]
[Black "Den, Dmitrij"]
[Result "0-1"]
[WhiteElo "2271"]
[BlackElo "2014"]
[PlyCount "68"]
[EventDate "2024.07.16"]
[EventType "swiss"]
[EventRounds "9"]
[EventCountry "RUS"]
[SourceTitle "CB30_2024"]
[SourceDate "2024.07.24"]
[SourceVersion "1"]
[SourceVersionDate "2024.07.24"]
[SourceQuality "1"]

1. Nf3 d5 2. b3 Nf6 3. Bb2 c6 4. e3 e6 5. c4 Bd6 6. Qc2 0-0 7. Nc3 e5 8. cxd5 cxd5 9. Nb5 Nc6 10. Nxd6 Qxd6 11. a3 Bg4 12. Bb5 Rac8 13. Qb1 d4 14. Be2 Rfd8 15. h3 Bh5 16. 0-0 e4 17. Nxd4 Nxd4 18. Bxh5 Nxb3 19. Bxf6 Nxd2 20. Qxb7 Qxf6 21. Rfd1 Rc5 22. Rac1 Rxh5 23. Rxd2 Rxd2 24. Rc8+ Rd8 25. Qd7 Rf8 26. Rxf8+ Kxf8 27. Qc8+ Ke7 28. Qb7+ Ke8 29. g4 Re5 30. Qb8+ Ke7 31. a4 a5 32. Qa7+ Kf8 33. Qa8+ Re8 34. Qxa5 g6 0-1

[Event "Chigorin Memorial 27th"]
[Site "St Petersburg"]
[Date "2019.10.05"]
[Round "1"]
[White "Badalian, Tigran"]
[Black "Kolchin, Maxim"]
[Result "1-0"]
[WhiteElo "1574"]
[BlackElo "2077"]
[PlyCount "101"]
[EventDate "2019.10.05"]
[EventType "swiss"]
[EventRounds "9"]
[EventCountry "RUS"]
[SourceTitle "EXT 2020"]
[Source "ChessBase"]
[SourceDate "2019.10.17"]
[SourceVersion "1"]
[SourceVersionDate "2019.10.17"]
[SourceQuality "1"]

1. Nf3 Nf6 2. d4 d5 3. Bf4 Bf5 4. e3 e6 5. c4 Bxb1 6. Rxb1 Bb4+ 7. Ke2 dxc4 8. Qa4+ Nc6 9. Ne5 Nd5 10. Nxc6 Qd7 11. a3 Bd6 12. Bxd6 cxd6 13. Qxc4 bxc6 14. g3 0-0 15. Bg2 Rfc8 16. Rhc1 Rab8 17. Kf1 Qb7 18. Kg1 g6 19. b4 Nb6 20. Qd3 d5 21. Bf1 Nc4 22. Qc3 Nd6 23. Bd3 h5 24. h4 Qe7 25. Qc5 Qd7 26. Qc2 Kg7 27. Kg2 Qd8 28. Qe2 Rc7 29. Rc2 f6 30. Rbc1 Rb6 31. g4 hxg4 32. Qxg4 f5 33. Qg3 Nf7 34. b5 Qc8 35. a4 e5 36. h5 g5 37. dxe5 c5 38. Qf3 Nxe5 39. Qxd5 Re7 40. Rxc5 Qb8 41. Bxf5 Rd6 42. Qb3 Qb7+ 43. e4 Rf6 44. Rc8 Rxf5 45. h6+ Kf6 46. R1c6+ Nxc6 47. Rxc6+ Qxc6 48. bxc6 Rf4 49. Qc3+ Kg6 50. c7 Ref7 51. Qg7+ 1-0

[Event "RUS-chT U14 final"]
[Site "Sochi"]
[Date "2019.05.04"]
[Round "4.4"]
[White "Yashin, Vladimir1111"]
[Black "Kolchin, Maxim"]
[Result "0-1"]
[WhiteElo "1652"]
[BlackElo "1918"]
[PlyCount "90"]
[EventDate "2019.05.01"]
[EventType "team-tourn"]
[EventRounds "9"]
[EventCountry "RUS"]
[SourceTitle "CBM 190 Extra"]
[Source "ChessBase"]
[SourceDate "2019.07.15"]
[SourceVersion "1"]
[SourceVersionDate "2019.07.15"]
[SourceQuality "1"]

1. e4 e5 2. Nf3 Nc6 3. Bc4 Bc5 4. c3 Nf6 5. d3 0-0 6. Bb3 d6 7. Nbd2 a6 8. Qe2 b5 9. Nf1 Ba7 10. h3 Re8 11. g4 d5 12. Bc2 Bb7 13. Ng3 dxe4 14. dxe4 Qe7 15. Nf5 Qf8 16. 0-0 Ne7 17. Kh2 Ng6 18. Rg1 Nf4 19. Bxf4 exf4 20. Nd2 g6 21. g5 Nd7 22. Nh6+ Kg7 23. Rg4 Qd6 24. f3 Ne5 25. Rf1 Nxg4+ 26. Nxg4 Rad8 27. Nb3 Qb6 28. Qe1 Bc8 29. Nf6 Rh8 30. Qh4 h6 31. Nd5 Rxd5 32. exd5 hxg5 33. Qxg5 Rxh3+ 34. Kg2 Rg3+ 35. Qxg3 fxg3 36. Kxg3 Qd6+ 37. f4 Qd7 38. f5 Qd6+ 39. Kg4 Qxd5 40. Kg3 Qe5+ 41. Kh3 Qe3+ 42. Kh4 g5+ 43. Kh5 Qh3+ 44. Kxg5 Be3+ 45. Rf4 f6# 0-1

[Event "St Petersburg Korchnoi Memorial op"]
[Site "St Petersburg"]
[Date "2018.08.17"]
[Round "3"]
[White "Kolchin, Maxim"]
[Black "Volovich, Vasily"]
[Result "1/2-1/2"]
[WhiteElo "2000"]
[BlackElo "2222"]
[PlyCount "132"]
[EventDate "2018.08.15"]
[EventType "swiss"]
[EventRounds "9"]
[EventCountry "RUS"]
[SourceTitle "CBM 186 Extra"]
[Source "ChessBase"]
[SourceDate "2018.08.24"]
[SourceVersion "1"]
[SourceVersionDate "2018.08.24"]
[SourceQuality "1"]

1. d4 e6 2. Bf4 Nf6 3. e3 d5 4. Nf3 c5 5. c3 Nc6 6. Nbd2 Be7 7. Bd3 Nh5 8. Bg3 Nxg3 9. hxg3 h6 10. Qe2 Qb6 11. Rb1 Bd7 12. a3 0-0 13. g4 g6 14. Rxh6 Kg7 15. Rh3 Rh8 16. Kf1 Qc7 17. b4 cxb4 18. cxb4 a6 19. Rc1 Qb6 20. Nb3 Na7 21. Ne5 Bb5 22. Nc5 Bxc5 23. Rxc5 Bxd3 24. Qxd3 Rxh3 25. gxh3 Nb5 26. Kg2 Nd6 27. f3 Rh8 28. e4 dxe4 29. fxe4 Rd8 30. d5 f6 31. Nxg6 Kxg6 32. e5+ Kg7 33. dxe6 Ne8 34. Qf5 Rd2+ 35. Kg3 Qd8 36. Kh4 fxe5+ 37. g5 Qd4+ 38. Kh5 Qf4 39. Rxe5 Qxf5 40. Rxf5 Rd3 41. Rf7+ Kg8 42. h4 Ng7+ 43. Kh6 Nxe6 44. Rxb7 Rxa3 45. g6 Rg3 46. Rb6 Nf8 47. h5 Rg4 48. Rb7 Rd4 49. Rb6 Rg4 50. Rb8 Rg1 51. Rb7 Rg4 52. Rb6 Re4 53. Rb7 Rg4 54. Rb6 Re4 55. Kg5 Re5+ 56. Kg4 a5 57. b5 Ne6 58. Rb8+ Kg7 59. Rb7+ Kg8 60. b6 Rb5 61. Kh4 Rb4+ 62. Kg3 Rb3+ 63. Kg4 Rb4+ 64. Kf5 Ng7+ 65. Kf6 Nxh5+ 66. Kg5 Ng3 1/2-1/2

[Event "Wch U12 rapid"]
[Site "Minsk"]
[Date "2018.06.22"]
[Round "3"]
[White "Mitusov, Semen"]
[Black "Kolchin, Maxim"]
[Result "1-0"]
[WhiteElo "2030"]
[BlackElo "1746"]
[PlyCount "59"]
[EventDate "2018.06.22"]
[EventType "swiss (rapid)"]
[EventRounds "9"]
[EventCountry "BLR"]
[SourceTitle "EXT 2019"]
[Source "ChessBase"]
[SourceDate "2018.10.10"]
[SourceVersion "1"]
[SourceVersionDate "2018.10.10"]
[SourceQuality "1"]

1. d4 Nf6 2. Nc3 e6 3. e4 Bb4 4. e5 Nd5 5. Bd2 Bxc3 6. bxc3 d6 7. Qg4 g6 8. c4 Nb6 9. Bg5 Qd7 10. Bf6 Rg8 11. Nf3 Nc6 12. Be2 Na4 13. 0-0 b6 14. Qf4 Ba6 15. Qh6 Ne7 16. Qxh7 Rf8 17. Ng5 d5 18. Qg7 Nf5 19. Qh7 Nxd4 20. Bg4 Bxc4 21. Qg7 Bxf1 22. Nh7 Qc6 23. Qxf8+ Kd7 24. Qxf7+ Kc8 25. Rxf1 Kb7 26. Ng5 Re8 27. Qxg6 Nxc2 28. Rc1 Rc8 29. Rxc2 Qb5 30. Rc1 1-0

[Event "EU-ch U10 26th"]
[Site "Prague"]
[Date "2016.08.25"]
[Round "7"]
[White "Kolchin, Maxim"]
[Black "Tham, Nam"]
[Result "1-0"]
[WhiteElo "1590"]
[BlackElo "1698"]
[PlyCount "111"]
[EventDate "2016.08.18"]
[EventType "swiss"]
[EventRounds "9"]
[EventCountry "CZE"]
[SourceTitle "CBM 174 Extra"]
[Source "ChessBase"]
[SourceDate "2016.10.10"]
[SourceVersion "1"]
[SourceVersionDate "2016.10.10"]
[SourceQuality "1"]

1. d4 Nf6 2. Bg5 e6 3. e4 h6 4. Bxf6 Qxf6 5. c3 d5 6. Nd2 Nd7 7. Bd3 Qd8 8. Ne2 Be7 9. 0-0 0-0 10. f4 c5 11. e5 Qb6 12. Rf3 Re8 13. Rg3 Bf8 14. Kh1 Qd8 15. Ng1 Qe7 16. Qh5 g6 17. Ngf3 Bg7 18. Qh3 Nf8 19. Nf1 Bd7 20. Ne3 Rec8 21. Rf1 c4 22. Bc2 b5 23. Nh4 Rc6 24. Qg4 Be8 25. f5 exf5 26. Nhxf5 Qd8 27. Nxd5 Re6 28. Nf4 Rb6 29. Nh5 Ne6 30. Nhxg7 Nxg7 31. Nxh6+ Kf8 32. Bxg6 Qc8 33. Bxf7 Qxg4 34. Bd5+ Ke7 35. Rxg4 Rc8 36. Rxg7+ Kd8 37. Nf7+ Kc7 38. Nd6+ Kb8 39. Nxc8 Kxc8 40. Rf8 Kd8 41. Rgg8 Kd7 42. Rxe8 Ra6 43. Rd8+ Kc7 44. a3 b4 45. h3 bxa3 46. bxa3 Rxa3 47. Bxc4 Rxc3 48. Rc8+ Kd7 49. Bb5+ Ke7 50. Rxc3 a6 51. Rc7+ Ke6 52. Bc4+ Kf5 53. e6 a5 54. e7 a4 55. e8Q a3 56. Qe5# 1-0